Statistics for Landlocked Countries in Europe

Click here to take the quiz!

General Stats

  • This quiz has been taken 86 times
    (37 since last reset)
  • The average score is 14 of 15

Answer Stats

Countries% Correct
Kosovo
100%
Andorra
97%
Austria
97%
Czech Republic
97%
Hungary
97%
Liechtenstein
97%
Luxembourg
97%
San Marino
97%
Slovakia
97%
Switzerland
97%
Vatican City
94%
Belarus
91%
Moldova
91%
Serbia
91%
Macedonia
82%

Score Distribution

Percentile by Number Answered

Percent of People with Each Score

Your Score History

You have not taken this quiz since the last reset